Tourism and climate change: Impacts, adaptation and mitigation (Record no. 16447)

MARC details
000 -LEADER
fixed length control field 00473nam a2200169Ia 4500
008 - FIXED-LENGTH DATA ELEMENTS--GENERAL INFORMATION
fixed length control field 230917s9999||||xx |||||||||||||| ||und||
020 ## - ISBN
Price RS795
040 ## - CATALOGING SOURCE
-- 228786
Original cataloging agency VIVEKANANDA LIBRARY
041 ## - Language
-- English
082 ## - DDC NUMBER
Classification number 338.4791 S84T
100 ## - MAIN ENTRY--PERSONAL NAME
Personal name Scott, Daniel
245 #0 - TITLE STATEMENT
Title Tourism and climate change: Impacts, adaptation and mitigation
260 ## - PUBLICATION, DISTRIBUTION, ETC. (IMPRINT)
Place of publication, distribution, etc London
Name of publisher, distributor, etc Routledge
Date of publication, distribution, etc 2014
300 ## - PHYSICAL DESCRIPTION
Pages xx, 440 p.
500 ## - GENERAL NOTE
General note 2161 12/10/2015 HBD15/6525 26/10/2015 IHTM (SFS)
942 ## - ADDED ENTRY ELEMENTS (KOHA)
Koha item type Books
Holdings
Withdrawn status Lost status Damaged status Not for loan Location (home branch) Sublocation or collection (holding branch) Shelving location Date acquired Koha issues (times borrowed) Koha full call number Accession No. Koha date last seen Koha item type
        VIVEKANANDA LIBRARY VIVEKANANDA LIBRARY IHTM Library 14/01/2016   338.4791 S84T 350950 17/09/2023 Books
        VIVEKANANDA LIBRARY VIVEKANANDA LIBRARY IHTM Library 14/01/2016   338.4791 S84T 350951 17/09/2023 Books
        VIVEKANANDA LIBRARY VIVEKANANDA LIBRARY IHTM Library 14/01/2016   338.4791 S84T 350952 17/09/2023 Books
        VIVEKANANDA LIBRARY VIVEKANANDA LIBRARY IHTM Library 14/01/2016   338.4791 S84T 352196 17/09/2023 Books
        VIVEKANANDA LIBRARY VIVEKANANDA LIBRARY IHTM Library 14/01/2016   338.4791 S84T 352197 17/09/2023 Books
© Designed and Maintained by Vivekananda Library, MDU Rohtak